Ed’s House by Ben Ellis - Lyrics Quiz - Statistics

General Stats
  • This quiz has been taken 7 times
  • The average score is 308 of 348
Answer Stats
Answer % Correct
a
100%
about
100%
all
100%
and
100%
are
100%
at
100%
bout
100%
cause
100%
dirtbag
100%
do
100%
dont
100%
don’t
100%
drink
100%
Ed’s
100%
from
100%
get
100%
going
100%
House
100%
house
100%
I
100%
I’ll
100%
I’m
100%
in
100%
is
100%
it
100%
it’s
100%
just
100%
know
100%
me
100%
mm
100%
mm-mm
100%
much
100%
of
100%
on
100%
our
100%
out
100%
party
100%
play
100%
quarter
100%
repeat
100%
seventeen
100%
teenage
100%
the
100%
there’s
100%
think
100%
thinking
100%
this
100%
three
100%
to
100%
too
100%
we
100%
we’ll
100%
we’re
100%
were
100%
what
100%
when
100%
where
100%
with
100%
you
100%
you’re
100%
always
75%
anything
75%
better
75%
but
75%
can’t
75%
could
75%
crazy
75%
dance
75%
dream
75%
dreamed
75%
everybody’s
75%
everything
75%
faces
75%
forget
75%
got
75%
how
75%
leaving
75%
let’s
75%
moment
75%
my
75%
need
75%
never
75%
night
75%
off
75%
parents
75%
remember
75%
see
75%
seem
75%
sink
75%
so
75%
some
75%
stole
75%
stop
75%
than
75%
that
75%
these
75%
till
75%
together
75%
tomorrow
75%
until
75%
who
75%
after
50%
around
50%
back
50%
block
50%
chasing
50%
distant
50%
forth
50%
gonna
50%
happen
50%
kissing
50%
life
50%
like
50%
liquor
50%
living
50%
may
50%
movie
50%
nothing
50%
now
50%
open
50%
scene
50%
someone
50%
still
50%
swear
50%
tonight
50%
t-shirt
50%
turn
50%
washing
50%
watched
50%
we’ve
50%
won’t
50%
work
50%
else
25%
feels
25%
lead
25%
matter
25%
taking
25%
No matching quizzes found
Score Distribution
Percent of People with Each Score
Percentile by Number Answered
Your Score History
You have not taken this quiz